Statistics for Top 25 Highest Paid NBA Players by Position

Click here to take the quiz!

General Stats

  • This quiz has been taken 35 times
  • The average score is 43 of 75

Answer Stats

# Avg. Salary Answer % Correct
2$33.2 MMLeBron James
100%
1$40.2 MMStephon Curry
100%
6$29.4 MMJames Harden
97%
19$18.8 MMKyrie Irving
94%
6$25.4 MMAnthony Davis
94%
7$28.5 MMRussell Westbrook
94%
15$21.4 MMChris Paul
94%
15$16.4 MMTristan Thompson
94%
5$25.6 MMKevin Durant
88%
15$18.8 MMKawhi Leonard
88%
19$16.4 MMDeMarcus Cousins
85%
8$24.8 MMCarmelo Anthony
85%
1$34.2 MMBlake Griffin
85%
16$18.3 MMPaul George
82%
8$22.6 MMMarc Gasol
82%
23$16 MMPau Gasol
82%
20$16.4 MMDraymond Green
82%
13$21 MMLaMarcus Aldridge
82%
5$30.5 MMMike Conley
82%
3$33.3 MMKyle Lowry
82%
7$22.6 MMKevin Love
79%
6$23.5 MMDwight Howard
79%
9$27.8 MMDeMar DeRozan
79%
3$25.4 MMAndre Drummond
76%
9$21.9 MMDeAndre Jordan
76%
8$27.9 MMDamian Lillard
76%
21$13.5 MMRobin Lopez
73%
10$21.1 MMBrook Lopez
73%
21$18.4 MMJimmy Butler
70%
4$31.9 MMGordon Hayward
70%
5$24.6 MMHassan Whiteside
67%
1$28.3 MMAl Horford
67%
12$25.4 MMBradley Beal
64%
3$30.5 MMPaul Millsap
61%
17$19 MMJeff Teague
58%
25$14.4 MMJames Johnson
58%
4$25 MMSteven Adams
55%
11$18.1 MMJoakim Noah
55%
10$23.6 MMChandler Parsons
55%
21$16 MMTobias Harris
52%
2$25.5 MMRudy Gobert
52%
9$23.6 MMHarrison Barnes
52%
11$26.3 MMJrue Holiday
52%
23$13 MMTyson Chandler
48%
16$21.2 MMVictor Oladipo
48%
13$24 MMNicolas Batum
48%
10$26.6 MMCJ McCollum
48%
11$21.6 MMSerge Ibaka
48%
14$17.1 MMGreg Monroe
45%
22$16 MMAndre Iguodala
45%
7$25 MMGiannis Antetokounmpo
45%
4$26.6 MMOtto Porter Jr
42%
17$18 MMLuol Deng
42%
18$19 MMGeorge Hill
39%
2$36.6 MMAndrew Wiggins
39%
14$20 MMRyan Anderson
39%
16$16 MMTimofey Mozgov
36%
13$17.5 MMEnes Kanter
36%
14$23 MMJJ Redick
36%
12$21.5 MMDanilo Gallinari
36%
22$13.2 MMNikola Vucevic
33%
18$16 MMJonas Valanciunas
33%
24$14.5 MMDeMarre Carroll
30%
25$17.5 MMDennis Schroder
30%
24$17.5 MMWesley Matthews
24%
20$18.7 MMAllen Crabbe
21%
25$12.5 MMMiles Plumlee
21%
20$13.6 MMMason Plumlee
21%
23$17.7 MMTim Hardaway Jr
18%
22$17.7 MMKentavious Caldwell-Pope
15%
18$17.5 MMKent Bazemore
15%
12$18 MMBismack Biyombo
15%
24$12.5 MMKelly Olynyk
15%
17$16 MMIan Mahinmi
9%
19$15.7 MMGorgui Dieng
9%

Score Distribution

Percentile by Number Answered

Percent of People with Each Score

Your Score History

You have not taken this quiz